| 000 | 00949cam a22003017a 4500 | ||
|---|---|---|---|
| 003 | CHAP | ||
| 005 | 20220329134950.0 | ||
| 008 | 971013s1970 r 00010 d | ||
| 010 | _a28764 | ||
| 011 | _a29736 | ||
| 035 | _a33847 | ||
| 040 | _cCHAP | ||
| 082 |
_a633.15 _bK6 |
||
| 100 | 0 | 0 |
_aKovács, I. _963812 |
| 245 | 0 | _aSome methodological achievements ofthe hungarian hybrid maize breeding | |
| 260 |
_aBudapest : _bAkadémiai Kiadó, _c1970 |
||
| 300 |
_a385 p. _b: ilus. ; gráfs. |
||
| 590 |
_aBATCH-UPD _b10 _c20130110 _lUCH01 _h1719 |
||
| 590 |
_aBATCH-UPD _b10 _c20130410 _lUCH01 _h1103 |
||
| 590 |
_aBATCH-UPD _b10 _c20130914 _lUCH01 _h1749 |
||
| 590 |
_aCONVERSION _b10 _c20130109 _lUCH01 _h1316 |
||
| 650 | 1 | 4 |
_aMaíz _xGenética. _970963 |
| 650 | 1 | 4 |
_aMaíz _xHungría. _970977 |
| 650 | 1 | 4 |
_aMaíz _xMejoramiento. _971006 |
| 901 | _aBK | ||
| 942 | _cLIBRO | ||
| 949 |
_a633.15 K6 _bBC _cLIBRO _d33724000207213 _eLIBRO _h51791 _i33847 _si _t437.00 |
||
| 999 |
_c28764 _d28764 |
||